000 01974nam a22003975i 4500
001 156473
003 ES-MaACL
005 20250825235700.0
008 001106s1752 fr af |||| | fre d
040 _aCCPB | B
_bspa
_cCCPB | B
080 _a528.2(02)"17"
100 1 _aJuan, Jorge,
_d1713-1773
_eaut
_967092
245 1 0 _aVoyage historique de l'Amérique Méridionale :
_bfait par ordre du Roi d'Espagne.
_nTome premier /
_cpar Don George Juan... et par Don Antoine de Ulloa... et qui contient une Histoire des yncas du Perou et les Observations astronomiques et physiques, faites pour déterminer la figure et la grandeur de la Terre
246 1 _aHistoire des yncas du Perou et les Observations Astronomiques et Physiques, faites pour déterminer la Figure et la Grandeur de la Terre
260 _aA Paris :
_bchez Charles-Antoine Jombert,
_c1752.
300 _a[3], 316, [12], 309, [3] páginas, XLV hojas de láminas. ;
_c4º.
597 1 _aSign.: []\p1\s, A-2Q\p4\s, 2R\p5\s, *\p4\s, A-2Q\p4\s.
597 1 _aSegunda obra con port. y pag. propias
597 1 _aPort. a dos tintas con grab. calc.
599 1 _aFront. calc.: "Picart inv. et delin. 1733. Du Flos sculp."
599 1 _aLas láminas son grabados calcográficos
650 4 _aIncas-
_xHistoria
_913646
650 4 _aExpediciones científicas-
_zAmérica del Sur
_9163000
651 4 _aAmérica del Sur-
_xDescripción-
_yS.XVIII
_97714
651 4 _aPerú-
_xDescripción
_9157224
651 4 _aPerú-
_xHistoria-
_yEpoca prehispánica, hasta 1522
_99228
651 7 _aTierra (Planeta)
_2
_9155244
700 1 _aUlloa, Antonio de,
_d1716-1795
_eaut
_9156744
700 1 _aJombert, Charles-Antoine,
_d1712-1784
_eprm
_9222591
752 _aFrancia -
_dParís
852 _aES-MaACL
_cDEPO
_dOlim: F-747-48
_fEx-libris de A. Merino Strada
_jR-194-95
_x Holandesa
942 _cMONANT
_n0
999 _c156473
_d156473